LEADER 00976nam a2200265 i 4500 001 991003600389707536 008 080506s2001 it 001 0 ita d 020 $a8886323573 035 $ab13722359-39ule_inst 040 $aFacoltą SSPT$bita 082 0 $a294.34 100 1 $aHarrison, Gavin $0628431 245 10$aNel grembo del Buddha /$cGavin Harrison ; prefazione di Corrado Pensa ; traduzione di Laura Bisogniero ; a cura di Roberto Mander 260 $aDogliani :$bSensibili alle foglie,$cc2001 300 $a299 p. ;$c22 cm 440 0$aOspiti ;$v13 650 4$aBuddismo 700 1 $aBisogniero, Laura 700 1 $aMander , Roberto 907 $a.b13722359$b02-04-14$c06-05-08 912 $a991003600389707536 945 $aLE021 294.34 HAR01.01$g1$i2020000002932$lle021$op$pE15.49$q-$rn$s- $t0$u0$v0$w0$x0$y.i14743929$z06-05-08 996 $aNel grembo del Buddha$91230848 997 $aUNISALENTO 998 $ale020$b06-05-08$cm$da $e-$fita$git $h0$i0 LEADER 01180nam 2200385 450 001 9910824103003321 005 20230807211943.0 010 $a1-937440-80-X 035 $a(CKB)3710000000769472 035 $a(MiAaPQ)EBC4544687 035 $a(EXLCZ)993710000000769472 100 $a20160824h20152015 uy 0 101 0 $aeng 135 $aurcnu|||||||| 181 $2rdacontent 182 $2rdamedia 183 $2rdacarrier 200 04$aThe 1982 Symposium on "music in the life of man" $ethe beginnings of music therapy theory /$fedited by Michele Forinash and Carolyn Kenny 210 1$aDallas, Texas :$cBarcelona Publishers,$d2015. 210 4$d©2015 215 $a1 online resource (85 pages) $cillustrations, photographs 311 $a1-937440-79-6 320 $aIncludes bibliographical references. 606 $aMusic therapy 615 0$aMusic therapy. 676 $a615.85154 702 $aForinash$b Michele 702 $aKenny$b Carolyn 801 0$bMiAaPQ 801 1$bMiAaPQ 801 2$bMiAaPQ 906 $aBOOK 912 $a9910824103003321 996 $aThe 1982 Symposium on "music in the life of man"$93917706 997 $aUNINA